000 00275nam a2200097Ia 4500
008 220216s9999 xx 000 0 und d
245 0 _aSynthetic rubber utilised across the tyre and non-tyre sectors
260 _bThe Rubber International
_c2010
300 _a9-Aug
942 _cJS
999 _c70179
_d70179